| 000 | 01435nam a2200253Ia 4500 | ||
|---|---|---|---|
| 999 |
_c51537 _d51537 |
||
| 001 | 18527 | ||
| 003 | GE_BSU | ||
| 005 | 20221122172057.0 | ||
| 008 | 181216s2010ge xx |||||||||||||| ||geo|| | ||
| 020 | _aISBN 978-99928-61-46-2 x | ||
| 040 | _cGE_BSU | ||
| 041 | _ageo | ||
| 080 | _a82-93 ს-46 | ||
| 100 |
_aსვიფტი, ჯონათან _916002 |
||
| 245 |
_aთავდაპირველად ქირურგისა და შემდგომ რამდენიმე გემის კაპიტნის ლემუელ გულივერის მოგზაურობა შორეულ ქვეყნებში / _cჯონათან სვიფტი, მთარგმნ. ანა აბაშიძე ; ილ. ნინო ლომსაძე |
||
| 264 |
_aთბილისი : _bელფი, _c2010. |
||
| 300 |
_a200 გვ, _bილ, . _c23 სმ. |
||
| 440 |
_a(მსოფლიო ლიტერატურის კლასიკოსები,) _911740 |
||
| 500 | _aგარეკანზე სათ.: გულივერის მოგზაურობა | ||
| 653 | _aგულივერის მოგზაურობა | ||
| 700 |
_aაბაშიძე, ანა _eმთარგმნელი _916003 |
||
| 700 |
_aლომსაძე, ნინო _eილუსტრატორი _97095 |
||
| 942 |
_cBK _2udc |
||